Giáo trình thực hành hệ quản trị cơ sở dữ liệu Access /
Uloženo v:
| Hlavní autor: | |
|---|---|
| Médium: | Kniha |
| Jazyk: | Vietnamese |
| Vydáno: |
Đại học Sư phạm
2009
|
| Tagy: |
Přidat tag
Žádné tagy, Buďte první, kdo otaguje tento záznam!
|
| Thư viện lưu trữ: | Mạng thư viện Đại học Đà Nẵng |
|---|
| LEADER | 00722nam a2200265 4500 | ||
|---|---|---|---|
| 001 | 000027664 | ||
| 003 | LÊ- | ||
| 005 | 20150403120000.0 | ||
| 008 | 150403s vm 000 vie | ||
| 020 | |c 0,0000 | ||
| 040 | |a notts | ||
| 100 | |a Lê Thị Tú Kiên | ||
| 245 | |a Giáo trình thực hành hệ quản trị cơ sở dữ liệu Access / |c Lê Thị Tú Kiên, Nguyễn Thị Kim Ngân, Nguyễn Thanh Tùng. | ||
| 260 | |b Đại học Sư phạm |c 2009 | ||
| OWN | |a LTT | ||
| 999 | |a From the UDN01 | ||
| TYP | |a Monograph | ||
| TYP | |a Printed language | ||
| 980 | |a Mạng thư viện Đại học Đà Nẵng | ||